Los bebes animales y sus mamas / (Record no. 27070)
[ view plain ]
| 000 -LEADER | |
|---|---|
| fixed length control field | 00668nam a22002417a 4500 |
| 001 - CONTROL NUMBER | |
| control field | sjds |
| 003 - CONTROL NUMBER IDENTIFIER | |
| control field | sdjs |
| 005 - DATE AND TIME OF LATEST TRANSACTION | |
| control field | 20240304203323.0 |
| 008 - FIXED-LENGTH DATA ELEMENTS--GENERAL INFORMATION | |
| fixed length control field | 220614b mx ||||| |||| 00| 0 spa d |
| 020 ## - INTERNATIONAL STANDARD BOOK NUMBER | |
| International Standard Book Number | 9706077448 |
| 020 ## - INTERNATIONAL STANDARD BOOK NUMBER | |
| International Standard Book Number | 9789706077448 |
| 020 ## - INTERNATIONAL STANDARD BOOK NUMBER | |
| International Standard Book Number | 9789686347555 (series) |
| 040 ## - CATALOGING SOURCE | |
| Transcribing agency | sjds |
| 041 ## - LANGUAGE CODE | |
| Language code of text/sound track or separate title | spa |
| 100 10 - MAIN ENTRY--PERSONAL NAME | |
| Personal name | Mathiaud, Evelyne |
| 245 14 - TITLE STATEMENT | |
| Title | Los bebes animales y sus mamas / |
| 246 ## - VARYING FORM OF TITLE | |
| Title proper/short title | Los bebes animales y sus mamas |
| 260 ## - PUBLICATION, DISTRIBUTION, ETC. (IMPRINT) | |
| Place of publication, distribution, etc. | Mexico, D.F. : |
| Name of publisher, distributor, etc. | Mega Ediciones, |
| Date of publication, distribution, etc. | c1990. |
| 300 ## - PHYSICAL DESCRIPTION | |
| Extent | 1 volume (unpaged) : |
| Other physical details | color illustrations ; |
| Dimensions | 20 cm. |
| 440 ## - SERIES STATEMENT/ADDED ENTRY--TITLE | |
| Title | Biblioteca los conejitos. |
| 700 10 - ADDED ENTRY--PERSONAL NAME | |
| Personal name | Pariselle, Jean-Marc |
| 942 ## - ADDED ENTRY ELEMENTS (KOHA) | |
| Koha item type | Libro/Book |
| Source of classification or shelving scheme | Dewey Decimal Classification |
| Withdrawn status | Lost status | Damaged status | Not for loan | Home library | Current library | Date acquired | Inventory number | Total Checkouts | Full call number | Barcode | Date last seen | Date checked out | Price effective from | Koha item type | Checked out |
|---|---|---|---|---|---|---|---|---|---|---|---|---|---|---|---|
| Azul y Blanco -- Satellite | Azul y Blanco -- Satellite | 14/06/2022 | inventory date: 20-1-25 | 1 | JI | 35201565 | 11/10/2024 | 03/06/2024 | 14/06/2022 | Libro/Book | |||||
| Barbudos -- Satellite | Barbudos -- Satellite | 14/06/2022 | Inventory date: 7/7/25 | JI | 35802017 | 14/06/2022 | 14/06/2022 | Libro/Book | |||||||
| Capulin -- Satellite | Capulin -- Satellite | 14/06/2022 | JI | 35102017 | 14/06/2022 | 14/06/2022 | Libro/Book | ||||||||
| Carrizal -- Satellite | Carrizal -- Satellite | 14/06/2022 | Inventory date: 13-1-25 | JI | 3700402 | 14/06/2022 | 14/06/2022 | Libro/Book | |||||||
| Genizero -- Satellite | Genizero -- Satellite | 08/08/2022 | Inventory date: 7/7/25 | JI | 35602016 | 08/08/2022 | 08/08/2022 | Libro/Book | |||||||
| Las Brisas 1 -- Satellite | Las Brisas 1 -- Satellite | 14/06/2022 | Inventory date: 7/4/25 | JI | 40002221 | 14/06/2022 | 14/06/2022 | Libro/Book | |||||||
| Las Brisas 2 -- Satellite | Las Brisas 2 -- Satellite | 14/06/2022 | Inventory date: 7/4/25 | JI | 40102258 | 14/06/2022 | 14/06/2022 | Libro/Book | |||||||
| Las Marias -- Satellite | Las Marias -- Satellite | 14/06/2022 | inventory date: 30/1/25 | 3 | JNC | 3600411 | 16/10/2024 | 20/08/2024 | 14/06/2022 | Libro/Book | |||||
| Las Pampas -- Satellite | Las Pampas -- Satellite | 14/06/2022 | inventory date: 17-1-25 | JI | 35702021 | 14/06/2022 | 14/06/2022 | Libro/Book | |||||||
| Monte Cristo -- Satellite | Monte Cristo -- Satellite | 14/06/2022 | JI | 40202236 | 14/06/2022 | 14/06/2022 | Libro/Book | ||||||||
| San Juan Del Sur -- Mobile | Pochote | 09/08/2022 | Inventory date: 27-2-25 | 5 | JI | 33016557 | 17/03/2026 | 17/03/2026 | 09/08/2022 | Libro/Book | 21/04/2026 | ||||
| San Juan Del Sur -- Biblioteca | San Juan Del Sur -- Biblioteca | 16/01/2023 | 30010324 | 16/01/2023 | 16/01/2023 | Libro/Book | |||||||||
| San Juan Del Sur -- Biblioteca | San Juan Del Sur -- Biblioteca | 16/01/2023 | 1 | 30010337 | 16/10/2024 | 10/10/2024 | 16/01/2023 | Libro/Book | |||||||
| Sevadilla -- Satellite | Sevadilla -- Satellite | 14/06/2022 | JI | 35402015 | 14/06/2022 | 14/06/2022 | Libro/Book | ||||||||
| Zaragoza -- Satellite | Zaragoza -- Satellite | 14/06/2022 | Inventory date: 7/7/25 | 1 | JI | 35502012 | 21/06/2023 | 27/02/2023 | 14/06/2022 | Libro/Book |